Строителни машини (Запис номер 212489)
[ съкратено ]
| 000 -Лидер | |
|---|---|
| Контролно поле с фиксирана дължина | 01209nkm a2200313 c 4500 |
| 003 - Код на организацията, давaща контролен номер | |
| Контролно поле | BLK |
| 005 - Дата и час на последна редакция | |
| Контролно поле | 20200916144526.0 |
| 008 - Елементи от данни с фиксирана дължина | |
| fixed length control field | 180413b bul rap|r|||| r0| ||bulo| |
| 010 ## - Наследен системен номер | |
| LC control number | KNG00215806000 |
| 020 ## - Международен стандартен номер на книга ISBN | |
| Международен стандартен номер на книга ISBN | 978-619-7378-18-4 |
| 040 ## - Източник на каталожния запис | |
| Идентификатор на билиотеката - собственик на записа | BLK |
| 041 ## - Код за език | |
| Код за езика на текст/звукозапис или на отделно заглавие | Български |
| Код за езика КДБФ | Български |
| 072 #7 - Код за тематичната категория | |
| Код организация | bullib |
| Код за тематична категория | Н86 |
| Текст | Детска отраслова литература Н |
| 080 ## - УДК | |
| Текстов определител УДК | Издания за деца и юноши. Книжки-картинки. Читанки. Вж и 372.4 |
| УДК код - определител по УДК | 087.5 |
| УДК - код + определител | 087.5 |
| 139 ## - Редно поле | |
| Редна дума | Димитров, Христо |
| Авторски знак | Дими - Д 58 |
| 245 10 - Сведения за заглавието | |
| Заглавие | Строителни машини |
| Подзаглавни данни | Coloring book |
| Редно поле (дума) | худож. Христо Димитров Димитров. |
| 257 ## - Страна на издаване | |
| Страна на създаване/издаване | България |
| 260 ## - Област на издателските данни | |
| Име на издателя, разпространителя и проч. | Знание |
| Година на издаване | 2017 |
| 300 ## - Физическа характеристика | |
| Страници | 24 с. |
| Илюстрации и др. | с цв. ил. |
| Размери/Мащаб | 24 см |
| 380 ## - Жанр | |
| Жанр | Детска отраслова лит. |
| 500 ## - Общи забележки | |
| Забележка | Името на ил. отбелязано в изд. каре |
| 659 ## - Тематичен бюлетин | |
| Тематичен бюлетин | Н |
| 700 1# - Други автори (авторска отговорност) | |
| Лично име | Димитров, Христо Димитров |
| Автороска отговорност (Описва отношението между автора и произведението) | худож. |
| 9 (RLIN) | 374278 |
| 852 ## - Местоположение | |
| Форматна сигнатура | Цб 302805 |
| Фондова буква | Хранилище |
| 856 4# - Електронен адрес и достъп | |
| Електронен формат | pdf - файл |
| Път до файла /url/ | |
| 856 4# - Електронен адрес и достъп | |
| Електронен формат | pdf - файл |
| Път до файла /url/ | |
| 999 ## - СИСТЕМНИ КОНТРОЛНИ НОМЕРА | |
| Koha biblionumber | 212489 |
| Koha biblioitemnumber | 212489 |
| 942 ## - АРТИКУЛИ | |
| Вид на библиотечния материал | Графични издания |
| Скрит в OPAC | Не |
| Периодичен библиозапис | Да |
| 944 ## - СЪЗДАВАНЕ И РЕДАКЦИЯ на ЗАПИСА | |
| Създаване/Редакция | Създаване |
| Дата на регистрацията/редакция | 08.02.2018 |
| Служител, извършил регистрацията/редакцията | Виолета_Тройчева |
| 944 ## - СЪЗДАВАНЕ И РЕДАКЦИЯ на ЗАПИСА | |
| Създаване/Редакция | Редакция |
| Дата на регистрацията/редакция | 14.03.2018 |
| Служител, извършил регистрацията/редакцията | Грета_Цуфелде |
| 999 ## - СИСТЕМНИ КОНТРОЛНИ НОМЕРА | |
| Koha biblioitemnumber | 212489 |
| Код за отписване | Код за изгубен артикул | Източник на класификационната схема | Код за повреда | Коз за рестрикции | Код за отдаване | Артикулен № | Име на библиотеката - собственик | Име на библиотеката, в която се намира в момента | Статус (Текущо местоположение) | Дата на вписване в системата | Местоположение - отдел | Цена в лева | Инвентарен номер | Систематично азбучна сигнатура | Баркод | Номер на екземпляра | Цена в евро | Служебна бележка | Служебен тип на артикула |
|---|---|---|---|---|---|---|---|---|---|---|---|---|---|---|---|---|---|---|---|
| Не е изгубен | Universal Decimal Classification | Не е повреден | без рестрикции | ползва се в читалня | 364474 | Регионална библиотека "Любен Каравелов" Русе | Регионална библиотека "Любен Каравелов" Русе | Хранилище | 2018-02-03 | Хранилище | 0.99 | 120000819515 | Цб 302805 | 120000819515 | 1 | 0.51 | Дост: Dp Вид: Д N: 51 Дата: 28.11.2017 | Графични издания |